Effect of image and sex on persuasiveness of audiovisual health communication /

Bibliographic Details
Main Author: Smith, Donna M.
Format: Thesis Microform Book
Language:English
Published: [Place of publication not identified] : [publisher not identified] ; 1983.
Subjects:

MARC

Tag First Indicator Second Indicator Subfields
LEADER 00000cam a2200000 a 4500
001 in00000025719
005 20151007054440.0
007 he bmb|||||||
008 850621r19851983orua bb 00010 eng d
035 |a (OCoLC)12184998 
035 |9 AAB5100AM 
040 |a ORU  |c IWU  |d IWU  |d HPE  |d TXA  |d UtOrBLW 
049 |a TXAI 
099 |a fiche  |a C  |a 8520 
100 1 |a Smith, Donna M. 
245 1 0 |a Effect of image and sex on persuasiveness of audiovisual health communication /  |c by Donna M. Smith. 
264 1 |a [Place of publication not identified] :  |b [publisher not identified] ;  |c 1983. 
300 |a v, 51 leaves :  |b illustrations 
336 |a text  |b txt  |2 rdacontent 
337 |a microform  |b h  |2 rdamedia 
338 |a microfiche  |b he  |2 rdacarrier 
502 |b M. Ed.  |c University of North Carolina at Greensboro  |d 1983. 
504 |a Bibliography: leaves 40-44. 
533 |a Microfiche.  |b Eugene :  |c Microform Publications, College of Human Development and Performance, University of Oregon,  |d 1985.  |e 1 microfiche : negative ; 11 x 15 cm. 
500 |a Microform. 
650 0 |a Persuasion (Psychology) 
650 0 |a Communication in medicine. 
650 0 |a Sex role in mass media. 
999 |a MARS 
999 f f |s e29ec5dd-1a85-33a5-acb0-1dd17f599feb  |i 962daeb6-6a29-3960-a2a4-ad79100b7745  |t 0 
952 f f |p normal  |a Texas A&M University  |b College Station  |c Sterling C. Evans Library  |d Evans: Microforms (3rd floor)  |t 0  |e fiche C 8520  |h Other scheme  |i microform -- microfiche  |m A14822823895 
998 f f |a fiche C 8520  |t 0  |l Evans: Microforms (3rd floor)